Extracción del ácido húmico por dos métodos a partir de diferentes sustratos orgánicos
Zapisane w:
| 1. autor: | |
|---|---|
| Format: | Książka |
| Wydane: |
San José, C.R.
1998
|
| Hasła przedmiotowe: | |
| Etykiety: |
Dodaj etykietę
Nie ma etykietki, Dołącz pierwszą etykiete!
|
MARC
| LEADER | 00000nam a2200000Ia 4500 | ||
|---|---|---|---|
| 003 | 008395 | ||
| 005 | 20221231144225.0 | ||
| 008 | 140114s1998 cr a m 000 ||s d | ||
| 040 | |c cru CEDI | ||
| 090 | |a TFG 3799 | ||
| 100 | |a Fallas Avendano, Karen |9 9095 | ||
| 245 | |a Extracción del ácido húmico por dos métodos a partir de diferentes sustratos orgánicos | ||
| 260 | |c 1998 |a San José, C.R. | ||
| 300 | |a v, 111 hojas : ilustraciones | ||
| 500 | |a Proyecto de graduación (licenciatura en ingeniería química)--Universidad de Costa Rica. Facultad de Ingeniería. Escuela de Ingeniería Química | ||
| 650 | |x ACIDO HUMICO |9 4370 | ||
| 942 | |c TFG | ||
| 999 | |c 18673 |d 18673 | ||
